[Event "IECG CP.1997.F.00001"]
[Site "IECG email"]
[Date "2000.??.??"]
[Round "?"]
[White "Fenghan, Rex"]
[Black "Miraglia, Jorge"]
[Result "0-1"]
[WhiteElo "2051"]
[BlackElo "2126"]
[PlyCount "77"]
[EventDate "2000.02.01"]
[EventType "tourn (corr)"]
[EventRounds "7"]
[SourceTitle "Corr 2008"]
[Source "ChessBase"]
[SourceDate "2008.06.24"]
[SourceVersion "1"]
[SourceVersionDate "2008.06.24"]
[SourceQuality "1"]

1. e4 c5 2. Nf3 d6 3. d4 cxd4 4. Nxd4 Nf6 5. Nc3 a6 6. f4 Qc7 7. Be2 b5 8. Nd5 Nxd5 9. exd5 Bb7 10. Be3 Nd7 11. a4 bxa4 12. c4 Nc5 13. 0-0 g6 14. b4 axb3 15. Nxb3 Nxb3 16. Qxb3 Bg7 17. Rab1 Bc8 18. c5 dxc5 19. Rfc1 Qd8 20. Bxc5 0-0 21. Qe3 Re8 22. Bf3 Bh6 23. Bb6 Qd7 24. Bd4 a5 25. Rb6 Qd8 26. Qe5 f6 27. Qe3 Bd7 28. Rb7 Rc8 29. Rd1 Rc4 30. g3 Qc8 31. Ra7 Bf8 32. Be2 Rc7 33. Rxa5 e5 34. dxe6 Rxe6 35. Qb3 Kg7 36. Bf3 Qe8 37. Ra8 Re1+ 38. Kf2 Re2+ 39. Kf1 0-1

[Event "IECG CP.1997.F.00001"]
[Site "IECG email"]
[Date "2000.??.??"]
[Round "?"]
[White "Frey Beckman, Kenneth"]
[Black "Fenghan, Rex"]
[Result "1-0"]
[WhiteElo "2385"]
[BlackElo "2051"]
[PlyCount "47"]
[EventDate "2000.02.01"]
[EventType "tourn (corr)"]
[EventRounds "7"]
[SourceTitle "Corr 2008"]
[Source "ChessBase"]
[SourceDate "2008.06.24"]
[SourceVersion "1"]
[SourceVersionDate "2008.06.24"]
[SourceQuality "1"]

1. d4 d5 2. c4 e6 3. Nc3 Nf6 4. Bg5 Be7 5. e3 0-0 6. Rc1 h6 7. Bh4 Nc6 8. Nf3 a6 9. a3 Ne4 10. Bxe7 Nxe7 11. Qc2 Nf6 12. Bd3 dxc4 13. Bxc4 b5 14. Bd3 Bb7 15. Ne4 Bxe4 16. Bxe4 Nxe4 17. Qxe4 Qd5 18. Qxd5 Nxd5 19. Ke2 Rfd8 20. Rc5 Rab8 21. Rhc1 Rb7 22. Ne5 f6 23. Nc6 Rd7 24. h4 1-0

[Event "IECG C1.1999.0.00186"]
[Site "IECG email"]
[Date "1999.02.19"]
[Round "?"]
[White "Fenghan, Rex"]
[Black "Emonot, Philippe"]
[Result "1-0"]
[WhiteElo "1934"]
[BlackElo "2139"]
[PlyCount "59"]
[EventDate "1999.02.15"]
[EventType "tourn (corr)"]
[EventRounds "6"]
[SourceTitle "Corr 2008"]
[Source "ChessBase"]
[SourceDate "2008.06.24"]
[SourceVersion "1"]
[SourceVersionDate "2008.06.24"]
[SourceQuality "1"]

1. e4 c5 2. c3 d5 3. exd5 Qxd5 4. d4 Nf6 5. Nf3 Bg4 6. Be2 e6 7. h3 Bh5 8. Be3 cxd4 9. cxd4 Nc6 10. Nc3 Qd6 11. 0-0 Be7 12. Qb3 0-0 13. Rfd1 Rfd8 14. Rac1 Rac8 15. Qxb7 Rb8 16. Qa6 Rb6 17. Qa4 Rb4 18. Qc2 Qb8 19. Ne5 Nxe5 20. dxe5 Qxe5 21. Rxd8+ Bxd8 22. Bxh5 Qxh5 23. Qd2 Rb8 24. Bxa7 Ra8 25. Qd6 Qa5 26. Bc5 Nd7 27. b4 Qc7 28. Qxc7 Bxc7 29. Bd4 Bd6 30. b5 1-0

[Event "IECG CP.1998.P.00035"]
[Site "IECG email"]
[Date "1998.10.01"]
[Round "?"]
[White "Dhooge, Achiel"]
[Black "Fenghan, Rex"]
[Result "0-1"]
[WhiteElo "800"]
[BlackElo "1898"]
[PlyCount "70"]
[EventDate "1998.10.01"]
[EventType "tourn (corr)"]
[EventRounds "6"]
[EventCountry "GER"]
[SourceTitle "Corr 2008"]
[Source "ChessBase"]
[SourceDate "2008.06.24"]
[SourceVersion "1"]
[SourceVersionDate "2008.06.24"]
[SourceQuality "1"]

1. d4 Nf6 2. c4 c5 3. d5 b5 4. a4 bxc4 5. Nc3 d6 6. e4 Ba6 7. f4 Nbd7 8. Be2 g6 9. Nf3 Qc7 10. 0-0 Bg7 11. Nd2 0-0 12. Nxc4 Rab8 13. Ne3 c4 14. Qc2 Nc5 15. Ra3 Rb4 16. f5 Nb3 17. Nb5 Bxb5 18. axb5 Nd4 19. Qd2 Qc5 20. fxg6 hxg6 21. Bf3 Nb3 22. Qf2 Nxc1 23. Rxc1 Nxe4 24. Bxe4 Rxb2 25. Qf1 Qxa3 26. Nxc4 Qc5+ 27. Kh1 Rc8 28. Nxb2 Qxc1 29. Nd1 Qc5 30. Qe2 Qc4 31. Bd3 Qxd5 32. Qd2 Qb3 33. Bf1 Rc5 34. Qd3 Qxd3 35. Bxd3 Re5 0-1

[Event "IECG CP.1998.P.00035"]
[Site "IECG email"]
[Date "1998.10.01"]
[Round "?"]
[White "Fenghan, Rex"]
[Black "Lutzenberger, Reimund"]
[Result "1/2-1/2"]
[WhiteElo "1898"]
[BlackElo "2275"]
[PlyCount "44"]
[EventDate "1998.10.01"]
[EventType "tourn (corr)"]
[EventRounds "6"]
[EventCountry "GER"]
[SourceTitle "Corr 2008"]
[Source "ChessBase"]
[SourceDate "2008.06.24"]
[SourceVersion "1"]
[SourceVersionDate "2008.06.24"]
[SourceQuality "1"]

1. e4 e6 2. d4 d5 3. Nc3 Nf6 4. e5 Nfd7 5. Nf3 c5 6. dxc5 Nc6 7. Bf4 Bxc5 8. Bd3 f5 9. exf6 Nxf6 10. 0-0 0-0 11. Ne5 Bd7 12. Nxc6 Bxc6 13. Qe2 Ne4 14. g3 Nxf2 15. Rxf2 Bxf2+ 16. Kxf2 Qb6+ 17. Kg2 e5 18. Qxe5 Rae8 19. Qh5 h6 20. Ne2 Rf6 21. Rf1 Ref8 22. h4 Qxb2 1/2-1/2

[Event "IECG CP.1997.S.00004"]
[Site "IECG email"]
[Date "1998.??.??"]
[Round "?"]
[White "Fenghan, Rex"]
[Black "Portune, Frank R"]
[Result "1-0"]
[WhiteElo "1923"]
[BlackElo "2052"]
[PlyCount "29"]
[EventDate "1998.11.20"]
[EventType "tourn (corr)"]
[EventRounds "10"]
[SourceTitle "Corr 2008"]
[Source "ChessBase"]
[SourceDate "2008.06.24"]
[SourceVersion "1"]
[SourceVersionDate "2008.06.24"]
[SourceQuality "1"]

1. e4 e5 2. Nf3 Nf6 3. Nxe5 Qe7 4. Nf3 Nxe4 5. Be2 d5 6. 0-0 Nc6 7. Re1 Qf6 8. d3 Nd6 9. c4 Be6 10. cxd5 Bxd5 11. Nc3 Be6 12. d4 Ne7 13. Bg5 Qf5 14. d5 Bc8 15. Bd3 1-0

[Event "IECG CP.1997.S.00004"]
[Site "IECG email"]
[Date "1998.??.??"]
[Round "?"]
[White "Fenghan, Rex"]
[Black "Woschkat, Karl Heinz"]
[Result "1-0"]
[WhiteElo "1923"]
[BlackElo "1684"]
[PlyCount "37"]
[EventDate "1998.11.20"]
[EventType "tourn (corr)"]
[EventRounds "10"]
[SourceTitle "Corr 2008"]
[Source "ChessBase"]
[SourceDate "2008.06.24"]
[SourceVersion "1"]
[SourceVersionDate "2008.06.24"]
[SourceQuality "1"]

1. e4 e5 2. Nf3 Nc6 3. Bc4 Bc5 4. b4 Bb6 5. a4 Nxb4 6. a5 Bc5 7. c3 Nc6 8. d4 exd4 9. 0-0 dxc3 10. Bxf7+ Kxf7 11. Qd5+ Kf8 12. Qxc5+ d6 13. Qxc3 Qf6 14. Qa3 Qg6 15. Re1 Bg4 16. Nbd2 Nf6 17. Qb3 Rb8 18. e5 Nxe5 19. Rxe5 1-0

[Event "IECG CP.1997.S.00004"]
[Site "IECG email"]
[Date "1998.??.??"]
[Round "?"]
[White "Houpt, William David"]
[Black "Fenghan, Rex"]
[Result "1/2-1/2"]
[WhiteElo "1990"]
[BlackElo "1923"]
[PlyCount "105"]
[EventDate "1998.11.20"]
[EventType "tourn (corr)"]
[EventRounds "10"]
[SourceTitle "Corr 2008"]
[Source "ChessBase"]
[SourceDate "2008.06.24"]
[SourceVersion "1"]
[SourceVersionDate "2008.06.24"]
[SourceQuality "1"]

1. e4 c5 2. c3 Nf6 3. e5 Nd5 4. d4 cxd4 5. Bc4 Qc7 6. Qe2 Nb6 7. Bd3 Nc6 8. Nf3 d5 9. exd6 Qxd6 10. 0-0 Bg4 11. Rd1 0-0-0 12. h3 Bh5 13. Be4 e5 14. b4 Qc7 15. b5 Ne7 16. g4 Bg6 17. Nxe5 Ned5 18. cxd4 Bxe4 19. Qxe4 f6 20. Nd3 Bd6 21. Bd2 Kb8 22. Rc1 Rhe8 23. Qf3 Qf7 24. a4 Rc8 25. Nc5 Bxc5 26. Rxc5 Rxc5 27. dxc5 Nc4 28. Qb3 Nxd2 29. Nxd2 f5 30. Qg3+ Qc7 31. gxf5 Nf4 32. Kh2 Qe5 33. Rd1 Qd4 34. Re1 Rxe1 35. Nf3 Qxf2+ 36. Qxf2 Re2 37. Qxe2 Nxe2 38. a5 a6 39. bxa6 bxa6 40. Ng5 Nd4 41. f6 gxf6 42. Nxh7 Kc7 43. Nxf6 Kc6 44. Kg3 Kxc5 45. Kg4 Kd6 46. h4 Ke6 47. Ne4 Nb3 48. Kg5 Nxa5 49. Nc5+ Kf7 50. Nxa6 Nc6 51. h5 Nd4 52. Nc7 Ne2 53. Nb5 1/2-1/2

[Event "IECG CP.1997.S.00004"]
[Site "IECG email"]
[Date "1998.??.??"]
[Round "?"]
[White "Maki Torkko, Martti"]
[Black "Fenghan, Rex"]
[Result "0-1"]
[WhiteElo "2137"]
[BlackElo "1923"]
[PlyCount "74"]
[EventDate "1998.11.20"]
[EventType "tourn (corr)"]
[EventRounds "10"]
[SourceTitle "Corr 2008"]
[Source "ChessBase"]
[SourceDate "2008.06.24"]
[SourceVersion "1"]
[SourceVersionDate "2008.06.24"]
[SourceQuality "1"]

1. Nc3 d5 2. e4 d4 3. Nce2 e5 4. Ng3 Be6 5. Nf3 f6 6. c3 d3 7. Nxe5 fxe5 8. Qh5+ Kd7 9. Qxe5 Nc6 10. Qb5 Bd6 11. Bxd3 a6 12. Qa4 b5 13. Qc2 Qh4 14. Be2 Nf6 15. d3 Rhf8 16. 0-0 Ne5 17. h3 Ng6 18. Nh1 Rae8 19. Qd1 h5 20. f3 Nf4 21. Rf2 Qg5 22. Kf1 Qg6 23. Bxf4 Bxf4 24. a4 Be3 25. axb5 axb5 26. d4 Nxe4 27. Bxb5+ Ke7 28. Bxe8 Bc4+ 29. Kg1 Nxf2 30. Nxf2 Rxe8 31. Qa4 Bd3 32. Re1 Kf8 33. Qa5 Qf7 34. b4 g6 35. Qc5+ Kg7 36. Qa5 Qf4 37. Qa2 h4 0-1

[Event "IECG CP.1997.P.00005"]
[Site "IECG email"]
[Date "1997.??.??"]
[Round "?"]
[White "Fenghan, Rex"]
[Black "Purdy, Warren M"]
[Result "1-0"]
[WhiteElo "1800"]
[BlackElo "1522"]
[PlyCount "93"]
[EventDate "1997.10.27"]
[EventType "tourn (corr)"]
[EventRounds "8"]
[SourceTitle "Corr 2008"]
[Source "ChessBase"]
[SourceDate "2008.06.24"]
[SourceVersion "1"]
[SourceVersionDate "2008.06.24"]
[SourceQuality "1"]

1. e4 Nf6 2. e5 Nd5 3. d4 d6 4. Nf3 Bg4 5. Be2 c6 6. c4 Nb6 7. Nbd2 N8d7 8. 0-0 Bxf3 9. Nxf3 dxe5 10. dxe5 e6 11. Qc2 Qc7 12. Bf4 h6 13. Bd2 Nxe5 14. Nxe5 Qxe5 15. Bc3 Qc7 16. Rad1 Bd6 17. Bxg7 Rg8 18. Qh7 0-0-0 19. Qxh6 Bxh2+ 20. Qxh2 Qxh2+ 21. Kxh2 Rxg7 22. Rxd8+ Kxd8 23. f4 f6 24. b3 c5 25. Re1 Kd7 26. Bf3 Kd6 27. g4 Nc8 28. Kg3 b6 29. Kf2 Ne7 30. Rd1+ Kc7 31. Rh1 Ng6 32. Ke3 e5 33. Ke4 Kd6 34. Kf5 Nxf4 35. Kxf6 Rg6+ 36. Kf5 Re6 37. g5 Ng6 38. Rd1+ Ke7 39. Bd5 Rd6 40. Rh1 Kd7 41. Rh6 Ne7+ 42. Kxe5 Ng6+ 43. Ke4 a6 44. Rxg6 Rxg6 45. Kf5 Rg7 46. Kf6 Rh7 47. g6 1-0